000 00549nam a2200205Ia 4500
003 OSt
005 20220926045003.0
006 a|||||r|||| 00| 0
007 ta
008 220923b |||||||| |||| 00| 0 eng d
037 _cGeneral Book
040 _aRTL
_cRTL
_beng
041 _2eng
_aeng
082 _aZ.2.N51t5, GD
110 _aIndai, Finance (Ministry of-)
_9349665
245 0 _aFirst five year plan
700 _aIndai, Finance (Ministry of-)
_9349666
942 _hZ.2.N51t5, GD
_cGB
_2CC
999 _c676370
_d676370